Top 20 Countries With The Tallest Men In The World - Statistics

General Stats
  • This quiz has been taken 225 times
  • The average score is 16 of 20
Answer Stats
Average Height (m) Country % Correct
1,810 Germany
93%
1,838 Netherlands
93%
1,824 Norway
93%
1,789 Finland
91%
1,826 Denmark
90%
1,786 Belgium
85%
1,810 Iceland
82%
1,787 Poland
82%
1,792 Austria
78%
1,791 Estonia
77%
1,803 Slovenia
76%
1,820 Serbia
75%
1,803 Czech Republic
74%
1,794 Slovakia
74%
1,805 Croatia
73%
1,780 Spain
72%
1,839 Bosnia
70%
1,783 Greece
66%
1,832 Montenegro
63%
1,799 Luxembourg
62%
No matching quizzes found
Score Distribution
Percent of People with Each Score
Percentile by Number Answered
Your Score History
You have not taken this quiz